Theodor Menzel Türkische Märchen I. Billur köschk (Der Kristall-Kiosk). Hannover, Lafaire, 1923 /

Elmentve itt :
Bibliográfiai részletek
Szerző: Rescher Oskar
További közreműködők: Menzel Theodor
Dokumentumtípus: Cikk
Megjelent: Harrassowitz Leipzig 1924
Sorozat:Orientalistische Literaturzeitung : Monatschrift für die Wissenschaft vom ganzen Orient und seinen Beziehungen zu den angrenzenden Kulturkreisen
Kulcsszavak:Népmese - török - könyvismertetés
Tárgyszavak:
Online Access:http://misc.bibl.u-szeged.hu/64382
LEADER 00982nab a2200241 i 4500
001 misc64382
005 20230703115934.0
008 230531s1924 hu o 0|| ger d
040 |a SZTE Miscellanea Repozitórium  |b hun 
041 |a ger 
100 1 |a Rescher Oskar 
245 1 0 |a Theodor Menzel  |h [elektronikus dokumentum] :  |b Türkische Märchen I. Billur köschk (Der Kristall-Kiosk). Hannover, Lafaire, 1923 /  |c  Rescher Oskar 
260 |a Harrassowitz  |b Leipzig  |c 1924 
300 |a 619-621  |c 22 cm 
300 |a [3] h.  |c 22 cm 
490 0 |a Orientalistische Literaturzeitung : Monatschrift für die Wissenschaft vom ganzen Orient und seinen Beziehungen zu den angrenzenden Kulturkreisen 
561 |a Németh Gyula hagyaték 
591 |a NOA 4856 
650 4 |a Bölcsészettudományok 
650 4 |a Nyelvek és irodalom 
695 |a Népmese - török - könyvismertetés 
700 0 1 |a Menzel Theodor 
856 4 0 |u http://misc.bibl.u-szeged.hu/64382/1/4856_noa.pdf  |z Dokumentum-elérés